000 00589cam a2200181 4500500
005 20260329020053.0
041 _afre
042 _adc
100 1 0 _aAudouin, Ludmila
_eauthor
700 1 0 _aColin, Xavier
_eauthor
700 1 0 _aFayolle, Bruno
_eauthor
700 1 0 _aVerdu, Jacques
_eauthor
245 0 0 _aKinetic modeling of an oxidation mechanism
260 _c2026.
500 _a79
786 0 _nPlastics and composites | - | 2026-03-04 | p. 31-31
856 4 1 _uhttps://stm.cairn.info/general-properties-of-plastics--bdti42152210-am3154-page-31?lang=en&redirect-ssocas=7080
999 _c1903655
_d1903655